The Contemporary Pacific

محفوظ في:
التفاصيل البيبلوغرافية
التنسيق: كتاب
اللغة:Undetermined
منشور في: Honolulu, Hawaii University of Hawai'i Press 1989 -
الموضوعات:
الوسوم: إضافة وسم
لا توجد وسوم, كن أول من يضع وسما على هذه التسجيلة!
Thư viện lưu trữ: Trung tâm Học liệu Trường Đại học Cần Thơ
LEADER 00464nam a2200169Ia 4500
001 CTU_229209
008 210402s9999 xx 000 0 und d
082 |a 959 
082 |b C761 
245 4 |a The Contemporary Pacific 
245 0 |c University of Hawai'i Press 
260 |a Honolulu, Hawaii 
260 |b University of Hawai'i Press 
260 |c 1989 - 
650 |a Oceania 
904 |i Duy Bằng 
980 |a Trung tâm Học liệu Trường Đại học Cần Thơ